00397nam a2200157Ia 450000500170000000800410001704000190005804100120007708200160008910000190010524500360012426000390016030000110019965000190021085000100022920240801113313.0131103s9999 xx 000 0 und d aLoreto College aEnglish a821.07bROB aRobinson, Eric aRhyme and reasoncEric Robinson aLondonbUniversity of Londonc1956 a128p.  aEnglish poetry aLCBED